[Event "XXXIV Festival A"]
[Site "Arco ITA"]
[Date "2012.10.18"]
[Round "6"]
[White "Leone, Cataldo"]
[Black "Buck, Klaus-Michael"]
[WhiteElo "1590"]
[BlackElo "1756"]
[Result "0-1"]
[PlyCount "135"]
[EventDate "2012.10.13"]

1. e4 e6 2. d4 d5 3. e5 c5 4. c3 Nc6 5. Nf3 cxd4 6. cxd4 Bd7 7. a3 Qc7 8. Be2
Nge7 9. O-O Nf5 10. b4 Qb6 11. Bb2 a6 12. g4 Nfe7 13. Nc3 Na7 14. Rc1 Rc8 15.
Ng5 Ng6 16. f4 h6 17. Nh3 Be7 18. f5 Nxe5 19. Na4 Bxa4 20. Qxa4+ Nd7 21. fxe6
Qxe6 22. Nf4 Qe3+ 23. Kg2 Rxc1 24. Bxc1 Qxd4 25. Bf3 Bg5 26. Re1+ Kd8 27. Be3
Qc3 28. Qa5+ Qc7 29. Qxc7+ Kxc7 30. Nxd5+ Kb8 31. Bxg5 hxg5 32. Re7 Rd8 33. Nb6
Kc7 34. Nc4 b5 35. Ne3 Rf8 36. Bd5 Kd6 37. Nf5+ Kc7 38. Bxf7 Nc8 39. Re6 Rxf7
40. Rxa6 Rf6 41. Ra5 Kb6 42. Nxg7 Nd6 43. Ra8 Rg6 44. Nh5 Nc4 45. Ng3 Kb7 46.
Rd8 Nde5 47. h3 Nc6 48. Rd3 N6e5 49. Rc3 Ra6 50. Ne4 Rg6 51. Kg3 Kc6 52. Nc5
Kd5 53. Rb3 Nd2 54. Rc3 Kd4 55. Rc2 Nec4 56. h4 gxh4+ 57. Kxh4 Ne4 58. Kh5 Rd6
59. Nxe4 Kxe4 60. Rf2 Ne3 61. g5 Nf5 62. g6 Rd3 63. Rg2 Kf4 64. Rf2+ Ke5 65.
Ra2 Ke6 66. a4 Kf6 67. a5 Rb3 68. Rg2 0-1

[Event "XXXIV Festival A"]
[Site "Arco ITA"]
[Date "2012.10.18"]
[Round "6"]
[White "Maddaloni, Giovanni"]
[Black "De Simone Sorrentino, Fabio"]
[WhiteElo "1762"]
[BlackElo "1703"]
[Result "1-0"]
[PlyCount "63"]
[EventDate "2012.10.13"]

1. e4 e6 2. d4 d5 3. e5 c5 4. c3 Qb6 5. Nf3 Nc6 6. Bd3 cxd4 7. cxd4 Nge7 8. Nc3
Nf5 9. Bxf5 exf5 10. O-O Be7 11. Nxd5 Qd8 12. Nxe7 Qxe7 13. Bd2 Qd8 14. Bc3 O-O
15. Qd2 Be6 16. Rfd1 Bd5 17. Qf4 Qd7 18. Rd2 Ne7 19. Bb4 Ng6 20. Qe3 Rfc8 21.
Bd6 f4 22. Qd3 Qg4 23. h3 Qh5 24. b3 Bxf3 25. Qxf3 Qxf3 26. gxf3 Nh4 27. Rd3
Nf5 28. Ba3 Rc2 29. d5 Re2 30. d6 g5 31. d7 Rd8 32. Rc1 1-0

[Event "XXXIV Festival A"]
[Site "Arco ITA"]
[Date "2012.10.18"]
[Round "6"]
[White "Messina, Roberta"]
[Black "Borries, Barbara"]
[WhiteElo "1983"]
[BlackElo "1850"]
[Result "1-0"]
[PlyCount "43"]
[EventDate "2012.10.13"]

1. c4 e5 2. g3 Nf6 3. Nc3 c6 4. Bg2 d6 5. d3 Be7 6. e4 O-O 7. Nge2 Na6 8. O-O
Ng4 9. h3 Nf6 10. Kh2 Nh5 11. g4 Nf6 12. Ng3 Ne8 13. Nf5 Bxf5 14. gxf5 Bg5 15.
f4 Bxf4+ 16. Bxf4 exf4 17. Rxf4 Qe7 18. Qd2 Rd8 19. Rg1 Nac7 20. Bf3 Nf6 21.
Rh4 h6 22. Rxg7+ 1-0

[Event "XXXIV Festival A"]
[Site "Arco ITA"]
[Date "2012.10.18"]
[Round "6"]
[White "Moratto, Davide"]
[Black "Dobboletta, Alex"]
[WhiteElo "1854"]
[BlackElo "1995"]
[Result "0-1"]
[PlyCount "92"]
[EventDate "2012.10.13"]

1. e4 c5 2. Nf3 d6 3. d4 cxd4 4. Nxd4 Nf6 5. Bb5+ Nbd7 6. Qe2 a6 7. Ba4 b5 8.
Bb3 Nc5 9. f3 e6 10. Be3 Bb7 11. O-O Be7 12. Nd2 O-O 13. c4 bxc4 14. Bxc4 d5
15. exd5 Nxd5 16. Bf2 Nf4 17. Qe3 Bg5 18. Qc3 Rc8 19. N2b3 Ncd3 20. Kh1 Nxf2+
21. Rxf2 Bd5 22. Nd2 Bf6 23. Qe3 Bxc4 24. Qxf4 Qxd4 25. Ne4 Qe5 26. Nxf6+ Qxf6
27. Qxf6 gxf6 28. h3 Bd5 29. a3 Rc5 30. Rd1 Rfc8 31. Rd4 Rc2 32. Rg4+ Kf8 33.
Rxc2 Rxc2 34. Ra4 Rc6 35. Kh2 Ke7 36. Kg3 Kd7 37. Rh4 Rc2 38. Rxh7 e5 39. b4
Ra2 40. Rg7 Rxa3 41. h4 Rb3 42. h5 Rxb4 43. h6 Rb8 44. Kf2 Ke7 45. Ke3 Ba2 46.
Kd2 Rh8 0-1

[Event "XXXIV Festival A"]
[Site "Arco ITA"]
[Date "2012.10.18"]
[Round "6"]
[White "Morselli, Stefano"]
[Black "Espinosa Cancino, Cristina"]
[WhiteElo "1905"]
[BlackElo "1479"]
[Result "1-0"]
[PlyCount "81"]
[EventDate "2012.10.13"]

1. e4 e5 2. Bb5 c6 3. Ba4 Bc5 4. Nf3 d6 5. c3 Bg4 6. h3 Bh5 7. O-O Nf6 8. Re1
O-O 9. d3 Nbd7 10. Nbd2 b5 11. Bc2 Qb6 12. Qe2 d5 13. exd5 cxd5 14. Nb3 Bd6 15.
g4 Bg6 16. Be3 Qc7 17. Nh4 a6 18. Nxg6 fxg6 19. Rac1 Rae8 20. Nd2 e4 21. dxe4
Nxe4 22. Nxe4 dxe4 23. Bd4 Bf4 24. Rcd1 e3 25. fxe3 Nb8 26. Qg2 Bg3 27. Qd5+
Kh8 28. Qg2 Bh4 29. Rf1 Bg5 30. Rxf8+ Rxf8 31. Rf1 Re8 32. Qf3 Qe7 33. Be4 Nd7
34. Bc6 Rf8 35. Qe2 Rxf1+ 36. Kxf1 Qf7+ 37. Qf2 Qxf2+ 38. Kxf2 Nf6 39. b4 h5
40. Kg3 Kg8 41. h4 1-0

[Event "XXXIV Festival A"]
[Site "Arco ITA"]
[Date "2012.10.18"]
[Round "6"]
[White "Nanni, Sergio"]
[Black "Perich, Stefano"]
[WhiteElo "1694"]
[BlackElo "1871"]
[Result "1/2-1/2"]
[PlyCount "75"]
[EventDate "2012.10.13"]

1. e4 c6 2. d4 g6 3. c4 d6 4. Nc3 Bg7 5. Be3 Na6 6. Rb1 Nc7 7. Nf3 e6 8. e5 d5
9. Qd2 Ne7 10. Bh6 O-O 11. h4 Bxh6 12. Qxh6 Nf5 13. Qf4 h5 14. g4 hxg4 15. Qxg4
Kg7 16. Kd2 Rh8 17. Bd3 Kf8 18. h5 gxh5 19. Rxh5 Rg8 20. Qh3 Ne8 21. Bxf5 exf5
22. Rh8 Rxh8 23. Qxh8+ Ke7 24. Qh4+ Kd7 25. e6+ fxe6 26. Qh7+ Qe7 27. Ne5+ Kd8
28. Qg8 Qg7 29. Rg1 Qxg8 30. Rxg8 Bd7 31. c5 Kc7 32. Nf7 Rc8 33. Ne5 Nf6 34.
Rg7 Rf8 35. b4 Kc8 36. a4 a6 37. a5 Be8 38. Re7 1/2-1/2

[Event "XXXIV Festival A"]
[Site "Arco ITA"]
[Date "2012.10.18"]
[Round "6"]
[White "Naumkin, Igor"]
[Black "Burmakin, Vladimir"]
[WhiteElo "2480"]
[BlackElo "2579"]
[Result "1/2-1/2"]
[PlyCount "51"]
[EventDate "2012.10.13"]

1. d4 d5 2. c4 e6 3. Nc3 Nf6 4. Nf3 Be7 5. Bg5 h6 6. Bh4 O-O 7. e3 Ne4 8. Bxe7
Qxe7 9. Rc1 c6 10. Bd3 Nxc3 11. Rxc3 Nd7 12. O-O e5 13. dxe5 dxc4 14. Bxc4 Nxe5
15. Nxe5 Qxe5 16. Qd2 Bf5 17. Rd1 Qe7 18. Rcc1 Rfd8 19. Qc3 Rxd1+ 20. Rxd1 Rd8
21. Rxd8+ Qxd8 22. h3 Qd1+ 23. Kh2 Qd6+ 24. Kg1 Qd1+ 25. Kh2 Qd6+ 26. Kg1
1/2-1/2

[Event "XXXIV Festival A"]
[Site "Arco ITA"]
[Date "2012.10.18"]
[Round "6"]
[White "Niccoli, Paolo"]
[Black "Overney, Luca"]
[WhiteElo "1915"]
[BlackElo "1788"]
[Result "1-0"]
[PlyCount "54"]
[EventDate "2012.10.13"]

1. e4 Nf6 2. Nc3 d5 3. exd5 Nxd5 4. Bc4 Nb6 5. Bb3 c5 6. d3 Nc6 7. Qh5 e6 8.
Nf3 g6 9. Qg5 Qxg5 10. Bxg5 Bg7 11. O-O-O h6 12. Be3 Nd4 13. Bxd4 cxd4 14. Nb5
O-O 15. Nbxd4 Bd7 16. Rhe1 Rfd8 17. Ne5 Rac8 18. Re4 Ba4 19. Bxa4 Nxa4 20. Ndf3
Nc5 21. Rc4 b5 22. Rc3 a5 23. Re1 h5 24. d4 Nb7 25. Nc6 Rxc6 26. Rxc6 Bxd4 27.
Nxd4 Rxd4 1-0

[Event "XXXIV Festival A"]
[Site "Arco ITA"]
[Date "2012.10.18"]
[Round "6"]
[White "Nordstrom, Hakon N."]
[Black "Beltrami, Nerio"]
[WhiteElo "1780"]
[BlackElo "1926"]
[Result "1-0"]
[PlyCount "79"]
[EventDate "2012.10.13"]

1. e4 d6 2. d4 g6 3. Nc3 c6 4. a4 Bg7 5. f4 Qb6 6. Nf3 Bg4 7. Ne2 Bxf3 8. gxf3
Nd7 9. a5 Qc7 10. Nc3 e6 11. Be3 Ne7 12. Qd2 d5 13. Bh3 O-O 14. Rg1 c5 15. exd5
Nxd5 16. Nxd5 exd5 17. O-O-O cxd4 18. Bxd4 Bh6 19. Rg4 Nc5 20. Kb1 Ne6 21. Be5
Qc4 22. Qxd5 Qe2 23. Rg2 Qa6 24. Bxe6 fxe6 25. Qe4 Rad8 26. Rxg6+ Kf7 27. Rf6+
Ke8 28. Rxd8+ Kxd8 29. Rxf8+ Bxf8 30. Qxh7 Qf1+ 31. Ka2 Qc4+ 32. b3 Qc5 33.
Qd3+ Ke8 34. Qc3 Qa3+ 35. Kb1 Bb4 36. Qc8+ Kf7 37. Qxb7+ Be7 38. Qxa7 Kg6 39.
a6 Bf8 40. Qb7 1-0

[Event "XXXIV Festival A"]
[Site "Arco ITA"]
[Date "2012.10.18"]
[Round "6"]
[White "Oltramari, Silvano"]
[Black "Zanin, Luca"]
[WhiteElo "1742"]
[BlackElo "1615"]
[Result "1/2-1/2"]
[PlyCount "131"]
[EventDate "2012.10.13"]

1. b4 e5 2. Bb2 d6 3. c4 Be6 4. e3 Nf6 5. Nc3 g6 6. h3 Bg7 7. Nf3 O-O 8. d3 Re8
9. Be2 e4 10. Nxe4 Nh5 11. Bxg7 Nxg7 12. O-O Bxc4 13. Qc2 Be6 14. Qc3 Nd7 15.
Rfc1 d5 16. Nc5 Nxc5 17. bxc5 Rc8 18. a4 b6 19. Nd4 Qd7 20. c6 Qe7 21. Nf3 Nf5
22. a5 Nxe3 23. fxe3 Bxh3 24. Qd4 Qxe3+ 25. Qxe3 Rxe3 26. gxh3 Rxe2 27. Re1
Rce8 28. axb6 Rxe1+ 29. Nxe1 axb6 30. Kf2 Re6 31. Rc1 Kf8 32. Nf3 Ke7 33. Nd4
Re5 34. Nb5 Kd8 35. Ra1 Re6 36. Nd4 Rf6+ 37. Ke3 Ke7 38. Rc1 g5 39. Nf3 Rf5 40.
Nd4 Re5+ 41. Kf3 f5 42. Rg1 h6 43. h4 f4 44. hxg5 hxg5 45. Rh1 Re3+ 46. Kg4
Rg3+ 47. Kf5 f3 48. Rf1 g4 49. Kf4 Rg2 50. Nf5+ Kf8 51. Ne3 Rd2 52. Nxg4 Rxd3
53. Rxf3 Rxf3+ 54. Kxf3 Ke7 55. Kf4 Kd6 56. Ne5 b5 57. Nd3 Kxc6 58. Ke3 Kb6 59.
Kd4 c6 60. Nc5 b4 61. Nb3 Kb5 62. Nc5 Ka5 63. Nd3 Ka4 64. Kc5 Kb3 65. Kxc6 d4
66. Kc5 1/2-1/2

[Event "XXXIV Festival A"]
[Site "Arco ITA"]
[Date "2012.10.18"]
[Round "6"]
[White "Pipitone, Antonio"]
[Black "Schlee, Ulrich"]
[WhiteElo "1940"]
[BlackElo "1796"]
[Result "1-0"]
[PlyCount "103"]
[EventDate "2012.10.13"]

1. e4 e5 2. Nf3 Nc6 3. Bb5 a6 4. Ba4 Nf6 5. O-O Be7 6. Re1 b5 7. Bb3 d6 8. c3
Na5 9. Bc2 c5 10. d4 Qc7 11. Nbd2 O-O 12. h3 Bd7 13. Nf1 Rac8 14. Bd3 cxd4 15.
cxd4 Rfd8 16. Bd2 Nc6 17. Rc1 Qb7 18. d5 Nb8 19. Qb3 Rxc1 20. Rxc1 Rc8 21. Re1
Be8 22. Ng3 Nbd7 23. Nf5 Nc5 24. Nxe7+ Qxe7 25. Qa3 Nxd3 26. Qxd3 Nd7 27. Qa3
Nc5 28. Bb4 Qb7 29. Nxe5 Nxe4 30. Rxe4 dxe5 31. Rxe5 f6 32. Re1 Qxd5 33. Qxa6
Rd8 34. Rc1 Ra8 35. Qb6 Rxa2 36. Re1 Ra8 37. Re7 Bf7 38. Bc3 h6 39. Re3 Rd8 40.
Rg3 Rd6 41. Qb8+ Kh7 42. Qf8 g5 43. h4 Kg6 44. hxg5 hxg5 45. f4 Ra6 46. fxg5
Qd1+ 47. Kh2 Qh5+ 48. Rh3 Qg4 49. gxf6 Qf4+ 50. Rg3+ Kf5 51. Qc5+ Ke4 52. Qd4+
1-0

[Event "XXXIV Festival A"]
[Site "Arco ITA"]
[Date "2012.10.18"]
[Round "6"]
[White "Pomini, Aurelien"]
[Black "Medancic, Rikard"]
[WhiteElo "2012"]
[BlackElo "2234"]
[Result "1/2-1/2"]
[PlyCount "104"]
[EventDate "2012.10.13"]

1. e4 d5 2. exd5 Qxd5 3. Nc3 Qd6 4. d4 Nf6 5. Nf3 a6 6. g3 b5 7. Bf4 Qd8 8. Bg2
Bb7 9. O-O e6 10. a4 b4 11. Ne2 Nbd7 12. c3 bxc3 13. Nxc3 Bd6 14. Ne5 Bxg2 15.
Kxg2 O-O 16. Nc6 Qe8 17. Bxd6 cxd6 18. d5 Nb6 19. Nb4 a5 20. Nd3 Nfxd5 21. Nb5
Qd7 22. Rc1 Rfc8 23. b3 Nc7 24. Ne5 dxe5 25. Qxd7 Nxd7 26. Nxc7 Rab8 27. Rfd1
Nb6 28. Rc6 f6 29. Rdd6 Kf7 30. Rxe6 Rxc7 31. Rxb6 Rcb7 32. Rxb7+ Rxb7 33. Ra6
Rxb3 34. h4 h5 35. Rxa5 Ke6 36. Ra7 g6 37. Ra6+ Kf5 38. Kf1 Rb2 39. Ke1 Ra2 40.
Kf1 g5 41. hxg5 Kxg5 42. a5 e4 43. Kg1 f5 44. Ra8 h4 45. gxh4+ Kxh4 46. a6 Kg4
47. a7 Kf4 48. Kg2 e3 49. Re8 e2 50. Rxe2 Rxa7 51. Re3 Rh7 52. Ra3 Rg7+ 1/2-1/2

[Event "XXXIV Festival A"]
[Site "Arco ITA"]
[Date "2012.10.18"]
[Round "6"]
[White "Prelati, Maurizio"]
[Black "Mombelli, Antonio"]
[WhiteElo "1976"]
[BlackElo "1799"]
[Result "1/2-1/2"]
[PlyCount "92"]
[EventDate "2012.10.13"]

1. e4 d6 2. d4 Nf6 3. Nc3 g6 4. f4 Bg7 5. Nf3 c5 6. Bb5+ Bd7 7. e5 Ng4 8. e6
fxe6 9. Ng5 Bxb5 10. Nxb5 Qa5+ 11. c3 Qxb5 12. Nxe6 Qd7 13. Qxg4 Bf6 14. d5 Na6
15. f5 Nc7 16. fxg6 Nxe6 17. dxe6 Qc6 18. g7 Bxg7 19. Qxg7 Qe4+ 20. Kd1 O-O-O
21. Re1 Qd3+ 22. Bd2 Rhg8 23. Qh6 Rxg2 24. Qe3 Qg6 25. Qe4 Qh5+ 26. Kc2 Rdg8
27. Rad1 R8g4 28. Qf3 Qg6+ 29. Kc1 Qg7 30. Qf7 Rxh2 31. Rf1 Kc7 32. Qxg7 Rxg7
33. Rde1 Rgg2 34. Rd1 Rg6 35. Rfe1 h5 36. c4 h4 37. Bf4 Rf2 38. Bxd6+ Kb6 39.
Bxe7 Rgg2 40. Bd8+ Ka6 41. Bf6 Rxf6 42. Rd2 Rxd2 43. Kxd2 Rf8 44. Ke2 Kb6 45.
e7 Re8 46. Kf3 Kc7 1/2-1/2

[Event "XXXIV Festival A"]
[Site "Arco ITA"]
[Date "2012.10.18"]
[Round "6"]
[White "Pretto, Aldo"]
[Black "Fuggetta, Leonardo"]
[WhiteElo "1733"]
[BlackElo "2017"]
[Result "0-1"]
[PlyCount "56"]
[EventDate "2012.10.13"]

1. c4 d6 2. g3 e5 3. Bg2 f5 4. d3 Nf6 5. Nc3 Be7 6. e3 O-O 7. Nge2 c6 8. O-O
Qe8 9. f4 Na6 10. b3 Nc5 11. Bb2 Qh5 12. Qd2 e4 13. dxe4 fxe4 14. Nc1 a5 15.
Ba3 Rd8 16. Bxc5 dxc5 17. Qc2 Ng4 18. Bxe4 Nxe3 19. Qf2 Nxf1 20. Qxf1 Bf6 21.
N1e2 Bg4 22. Re1 Rd2 23. Bg2 Re8 24. Ne4 Rxe2 25. Rxe2 Bxe2 26. Qe1 Bd4+ 27.
Kh1 Bf3 28. f5 Rxe4 0-1

[Event "XXXIV Festival A"]
[Site "Arco ITA"]
[Date "2012.10.18"]
[Round "6"]
[White "Russo, Carmelo"]
[Black "Ludwig, Timm"]
[WhiteElo "1751"]
[BlackElo "1688"]
[Result "1-0"]
[PlyCount "63"]
[EventDate "2012.10.13"]

1. d4 Nf6 2. c4 g6 3. Nc3 Bg7 4. e4 d6 5. Be2 O-O 6. Nf3 c5 7. d5 Nbd7 8. O-O
Ng4 9. h3 Nge5 10. Nxe5 Nxe5 11. f4 Nd7 12. Be3 f5 13. Rb1 Bxc3 14. bxc3 fxe4
15. Bg4 Nf6 16. f5 Nxg4 17. hxg4 b6 18. Bh6 Rf6 19. Bg5 Rf7 20. Qe2 gxf5 21.
gxf5 Bxf5 22. Qe3 Qd7 23. Bh6 e6 24. Rf4 Rf6 25. Rh4 Qf7 26. Rf1 Rc8 27. Bf4 e5
28. Bg5 Rg6 29. g4 Qg7 30. Rxf5 Rf8 31. Rxf8+ Kxf8 32. Bh6 1-0

[Event "XXXIV Festival A"]
[Site "Arco ITA"]
[Date "2012.10.18"]
[Round "6"]
[White "Salati, Paolo"]
[Black "Kern, Beat"]
[WhiteElo "1887"]
[BlackElo "1624"]
[Result "1/2-1/2"]
[PlyCount "54"]
[EventDate "2012.10.13"]

1. e4 c6 2. Nf3 d5 3. exd5 cxd5 4. d4 Nf6 5. Bg5 e6 6. Nc3 Be7 7. Bd3 h6 8. Bh4
Nc6 9. O-O O-O 10. Re1 Nb4 11. a3 Nxd3 12. Qxd3 Bd7 13. Ne5 a6 14. Re3 Ne8 15.
Nxd7 Qxd7 16. Bxe7 Qxe7 17. Nxd5 Qd6 18. Nc3 Rd8 19. Ne2 b5 20. c3 Nf6 21. Rd1
Qc6 22. Ng3 Rd5 23. Rde1 Nd7 24. Qe4 Nb6 25. b3 Rc8 26. Qf3 Nd7 27. Ne2 Qd6
1/2-1/2

[Event "XXXIV Festival A"]
[Site "Arco ITA"]
[Date "2012.10.18"]
[Round "6"]
[White "Schaberg, Wolfgang"]
[Black "Goli, Daniele"]
[WhiteElo "1856"]
[BlackElo "1986"]
[Result "1/2-1/2"]
[PlyCount "111"]
[EventDate "2012.10.13"]

1. e4 g6 2. d4 Bg7 3. Nc3 d6 4. Be3 Nf6 5. Qd2 Ng4 6. Bf4 Nc6 7. f3 e5 8. dxe5
dxe5 9. Qxd8+ Nxd8 10. Bd2 Nf6 11. Bc4 c6 12. Nge2 Ne6 13. Be3 O-O 14. Kf2 b5
15. Bb3 a5 16. a3 a4 17. Ba2 Bb7 18. Rhd1 Rfd8 19. Rxd8+ Rxd8 20. Bb6 Rd7 21.
Bxe6 fxe6 22. Rd1 Kf7 23. Nc1 Rxd1 24. Nxd1 Nd7 25. Be3 c5 26. Nd3 Bf8 27. Bd2
Bd6 28. Ne3 h5 29. Ke2 Bc6 30. c3 Bb7 31. Nc2 Ba6 32. Be1 Nb6 33. Kd2 Nc4+ 34.
Kc1 Na5 35. Bf2 Kf6 36. Nce1 Bb7 37. Kc2 c4 38. Nc1 g5 39. Kd2 Kg6 40. Ke2 Nb3
41. Na2 g4 42. Nc2 gxf3+ 43. gxf3 Kg5 44. h4+ Kg6 45. Ne1 Be7 46. Ng2 Bc5 47.
Bxc5 Nxc5 48. Nc1 Nd7 49. Ke3 Nf6 50. Ne2 Kf7 51. Ng3 Nd7 52. Nxh5 Kg6 53. Ng3
Nc5 54. Ne1 Kf6 55. f4 exf4+ 56. Kxf4 1/2-1/2

[Event "XXXIV Festival A"]
[Site "Arco ITA"]
[Date "2012.10.18"]
[Round "6"]
[White "Schaefer, Michael"]
[Black "Bonade', Massimo"]
[WhiteElo "2174"]
[BlackElo "2086"]
[Result "0-1"]
[PlyCount "144"]
[EventDate "2012.10.13"]

1. d4 Nf6 2. c4 e6 3. Nc3 Bb4 4. g3 c5 5. Nf3 cxd4 6. Nxd4 Ne4 7. Qd3 Bxc3+ 8.
bxc3 Nc5 9. Qe3 b6 10. Nb5 O-O 11. Bg2 Bb7 12. Bxb7 Nxb7 13. Ba3 Re8 14. O-O
Na6 15. Rfd1 Nac5 16. Rd2 d5 17. cxd5 exd5 18. Qf3 Ne4 19. Rdd1 a6 20. Nd4 Rc8
21. Rd3 Na5 22. Rad1 Nc4 23. Bc1 Ne5 24. Qh5 Nxd3 25. Rxd3 Rxc3 26. Bb2 Rxd3
27. exd3 Nf6 28. Qg5 h6 29. Qh4 Qd7 30. Nf3 Qf5 31. Kg2 Re2 32. Qd4 b5 33. Ne5
h5 34. h3 a5 35. a3 Rc2 36. Bc3 a4 37. Nc6 Qe6 38. Nb4 Rc1 39. Bd2 Rd1 40. Be3
Rb1 41. Qc5 Qd7 42. Bd4 Qf5 43. Qxb5 h4 44. Bxf6 gxf6 45. g4 Qe5 46. Qa6 Qe1
47. Kf3 Qh1+ 48. Ke2 Rb2+ 49. Ke3 Qe1+ 50. Kd4 Qxf2+ 51. Kxd5 Qf3+ 52. Kc5 Qe3+
53. Kd5 Qe5+ 54. Kc4 Rb3 55. Nd5 Rb8 56. Nxf6+ Kh8 57. Nd5 Kg7 58. Nb4 Rd8 59.
Qxa4 Rd4+ 60. Kb3 Qe2 61. Qa5 Qd1+ 62. Kb2 Qd2+ 63. Kb3 Rxd3+ 64. Ka4 Qd1+ 65.
Kb5 Re3 66. Qc7 Qe2+ 67. Kb6 Rxa3 68. Qd8 Qe3+ 69. Kb5 Qe5+ 70. Nd5 Rxh3 71.
Kc6 Rd3 72. g5 Qxd5+ 0-1

[Event "XXXIV Festival A"]
[Site "Arco ITA"]
[Date "2012.10.18"]
[Round "6"]
[White "Schnitzspan, Lothar"]
[Black "Karl, Hans"]
[WhiteElo "2325"]
[BlackElo "2141"]
[Result "1-0"]
[PlyCount "100"]
[EventDate "2012.10.13"]

1. Nf3 Nf6 2. c4 c6 3. Nc3 d5 4. e3 e6 5. Qc2 Nbd7 6. b3 Bd6 7. Bb2 O-O 8. Be2
Re8 9. Rg1 e5 10. cxd5 Nxd5 11. h4 Nb4 12. Qb1 Nf8 13. Ne4 Bf5 14. g4 Bxe4 15.
Qxe4 Nd5 16. Bc4 Nf6 17. Qc2 b5 18. Be2 Rc8 19. Rc1 a6 20. g5 Nd5 21. Qe4 Qe7
22. Rd1 Rcd8 23. Nh2 Bc7 24. Ng4 Qe6 25. h5 f5 26. gxf6 Nxf6 27. Nxf6+ Qxf6 28.
Rc1 Qd6 29. Rc2 Ba5 30. f4 Bxd2+ 31. Kf1 Qd5 32. Qxd5+ Rxd5 33. Kf2 Ne6 34.
Bxe5 Bb4 35. Rxc6 a5 36. Kf3 h6 37. Rg6 Ng5+ 38. Kg4 Rdxe5 39. fxe5 Rxe5 40.
Rc8+ Kf7 41. Bf3 Ne6 42. Rc6 Nf8 43. Rc7+ Be7 44. Ra6 Ne6 45. Rca7 Kf6 46. Rxa5
Rg5+ 47. Kh3 Bc5 48. Rb7 Bxe3 49. Bg4 Bf2 50. Ra6 Be3 1-0

[Event "XXXIV Festival A"]
[Site "Arco ITA"]
[Date "2012.10.18"]
[Round "6"]
[White "Skagseth, Havard M."]
[Black "Valenti, Giuseppe"]
[WhiteElo "1835"]
[BlackElo "2162"]
[Result "0-1"]
[PlyCount "112"]
[EventDate "2012.10.13"]

1. e4 d6 2. d4 g6 3. Nf3 Bg7 4. Be3 c6 5. Be2 Nd7 6. O-O Qc7 7. c3 Ngf6 8. Qc2
O-O 9. h3 b6 10. Nbd2 Bb7 11. Rad1 Rfe8 12. Rfe1 Rad8 13. Nf1 h6 14. Bd3 e5 15.
Ng3 Nf8 16. Qc1 Kh7 17. Bc2 Bc8 18. Re2 Be6 19. b3 c5 20. d5 Bc8 21. Bd3 Bb7
22. Bd2 Re7 23. Nf1 Bc8 24. Ne3 b5 25. Qc2 Bd7 26. Ree1 Nh5 27. Bf1 Qc8 28. Kh2
Nf4 29. Ng1 a6 30. g3 Nh5 31. Be2 Nf6 32. Ra1 Ree8 33. Bf3 Kg8 34. Qc1 N8h7 35.
Ng2 h5 36. Re2 Ng4+ 37. hxg4 hxg4 38. Nh4 gxf3 39. Ngxf3 Bg4 40. Re1 Qd7 41.
Ng5 Nxg5 42. Bxg5 f6 43. Be3 g5 44. f3 gxh4 45. fxg4 Qxg4 46. Bf2 hxg3+ 47.
Bxg3 Kf7 48. Qe3 Rh8+ 49. Kg2 Bh6 50. Qf3 Qxf3+ 51. Kxf3 Bd2 52. Rh1 Bxc3 53.
Rac1 Bd2 54. Rcd1 Bg5 55. Kg4 Kg6 56. Rdf1 Rc8 0-1

[Event "XXXIV Festival A"]
[Site "Arco ITA"]
[Date "2012.10.18"]
[Round "6"]
[White "Stap, Kees"]
[Black "Dieli, Riccardo"]
[WhiteElo "2098"]
[BlackElo "1839"]
[Result "1-0"]
[PlyCount "41"]
[EventDate "2012.10.13"]

1. c4 Nf6 2. g3 g6 3. Bg2 Bg7 4. Nc3 c6 5. Nf3 O-O 6. O-O d6 7. Qc2 e5 8. d3
Be6 9. b4 Nbd7 10. Rb1 d5 11. Nd2 Rb8 12. b5 d4 13. Nce4 Nxe4 14. Nxe4 f5 15.
Ng5 Rf6 16. bxc6 bxc6 17. Bxc6 Rxb1 18. Qxb1 Nb6 19. Nxe6 Rxe6 20. Bg2 Na4 21.
Bd5 1-0

[Event "XXXIV Festival A"]
[Site "Arco ITA"]
[Date "2012.10.18"]
[Round "6"]
[White "Tencheni, Maurizio"]
[Black "Rizzo, Giuseppe"]
[WhiteElo "1707"]
[BlackElo "1761"]
[Result "1-0"]
[PlyCount "43"]
[EventDate "2012.10.13"]

1. e4 Nf6 2. e5 Nd5 3. c4 Nb6 4. d4 d6 5. f4 g6 6. Nf3 Bg7 7. Be2 O-O 8. O-O
Be6 9. b3 N8d7 10. Bb2 c5 11. Na3 d5 12. Rc1 Rc8 13. Nb5 a6 14. dxc5 Nxc5 15.
Nbd4 dxc4 16. Nxe6 Nxe6 17. Nd4 Qd7 18. Bg4 Nd5 19. Nxe6 Qc6 20. Rxc4 Ne3 21.
Rxc6 Nxd1 22. Rxc8 1-0

[Event "XXXIV Festival A"]
[Site "Arco ITA"]
[Date "2012.10.18"]
[Round "6"]
[White "Titz, Heimo"]
[Black "Lezzerini, Marco"]
[WhiteElo "2168"]
[BlackElo "1920"]
[Result "1-0"]
[PlyCount "41"]
[EventDate "2012.10.13"]

1. c4 e5 2. g3 d6 3. Bg2 f5 4. Nc3 Nf6 5. d3 Be7 6. Nf3 O-O 7. O-O a5 8. a3 Qe8
9. c5 Na6 10. cxd6 cxd6 11. Bg5 Be6 12. Nd2 Rb8 13. Rc1 b5 14. Bxf6 Bxf6 15.
Nd5 Qd7 16. b4 a4 17. Rc6 Ra8 18. Nb6 Qe7 19. Nxa8 Rxa8 20. Qc2 Ra7 21. Rc1 1-0

[Event "XXXIV Festival A"]
[Site "Arco ITA"]
[Date "2012.10.18"]
[Round "6"]
[White "Tocco, Paolo"]
[Black "Burnier, David"]
[WhiteElo "2133"]
[BlackElo "2313"]
[Result "1-0"]
[PlyCount "53"]
[EventDate "2012.10.13"]

1. f4 d5 2. e3 Nf6 3. Nf3 Bg4 4. h3 Bxf3 5. Qxf3 Nbd7 6. g4 e6 7. Nc3 g6 8. d3
c5 9. e4 d4 10. Ne2 e5 11. f5 Qb6 12. Bg2 O-O-O 13. O-O h6 14. c3 Be7 15. a4 g5
16. a5 Qa6 17. Bd2 h5 18. b4 hxg4 19. hxg4 Rh4 20. cxd4 Nxg4 21. f6 Bxf6 22. b5
Qd6 23. dxc5 Qxc5+ 24. d4 Qd6 25. Rfc1+ Kb8 26. Be1 exd4 27. e5 1-0

[Event "XXXIV Festival A"]
[Site "Arco ITA"]
[Date "2012.10.18"]
[Round "6"]
[White "Trauth, Michael"]
[Black "Dittmar, Peter"]
[WhiteElo "2159"]
[BlackElo "2329"]
[Result "0-1"]
[PlyCount "86"]
[EventDate "2012.10.13"]

1. Nf3 d5 2. c4 d4 3. g3 Nc6 4. b4 Nxb4 5. Qa4+ Nc6 6. Ne5 Bd7 7. Nxd7 Qxd7 8.
Na3 e6 9. Bg2 Be7 10. Rb1 Nd8 11. Nb5 c6 12. Na3 Nf6 13. O-O O-O 14. d3 e5 15.
Bd2 Ne6 16. Bb4 Nc5 17. Bxc5 Bxc5 18. Rb3 Rac8 19. Rfb1 Rc7 20. Nc2 Re8 21. Ne1
Qe7 22. Qa5 h6 23. a4 b6 24. Qd2 a5 25. Rxb6 Bxb6 26. Rxb6 Qc5 27. Qb2 Nd7 28.
Rb3 Qa7 29. Bxc6 Rxc6 30. Rb7 Rb6 31. Rxd7 Qxd7 32. Qxb6 Qxa4 33. Nf3 Qd1+ 34.
Kg2 Qxe2 35. Qb5 Re6 36. Qxa5 Qxd3 37. Nxe5 Qe4+ 38. Nf3 Rf6 39. Qd5 Qxd5 40.
cxd5 d3 41. Nd2 Rf5 42. d6 Kf8 43. f3 Re5 0-1

[Event "XXXIV Festival A"]
[Site "Arco ITA"]
[Date "2012.10.18"]
[Round "6"]
[White "Vaccari, Giorgio"]
[Black "Anfuso, Luigi"]
[WhiteElo "1671"]
[BlackElo "1743"]
[Result "1-0"]
[PlyCount "45"]
[EventDate "2012.10.13"]

1. e4 c6 2. d4 d5 3. exd5 cxd5 4. Be3 Nc6 5. c3 Nf6 6. Bf4 Bg4 7. Nf3 Qd7 8.
Nbd2 Bxf3 9. Nxf3 e6 10. Bb5 Bd6 11. Be5 Qc7 12. Qa4 O-O 13. Bxf6 gxf6 14. g3
Rac8 15. Bd3 f5 16. Qd1 Rfe8 17. O-O f6 18. Nh4 Qg7 19. f4 Kh8 20. Rc1 Rg8 21.
Rc2 Qh6 22. Rg2 Rg7 23. Bxf5 1-0

[Event "XXXIV Festival A"]
[Site "Arco ITA"]
[Date "2012.10.18"]
[Round "6"]
[White "Wagner, Frank"]
[Black "Herold, Hansjoerg"]
[WhiteElo "1906"]
[BlackElo "2043"]
[Result "0-1"]
[PlyCount "112"]
[EventDate "2012.10.13"]

1. Nf3 d5 2. d4 Nf6 3. h3 Bf5 4. Nh4 Qd7 5. Bg5 Ne4 6. Nxf5 Nxf2 7. Nxg7+ Bxg7
8. Qd2 Nxh1 9. Bh4 Bf6 10. Bxf6 exf6 11. Qe3+ Qe6 12. Qf3 Rg8 13. Nc3 c6 14. g4
Qd6 15. Qxh1 Qg3+ 16. Kd2 Nd7 17. Qf3 Qxf3 18. exf3 Ke7 19. Bd3 Nf8 20. Ne2 Ng6
21. Ng3 Nf4 22. Re1+ Kf8 23. Bf5 Re8 24. Rxe8+ Kxe8 25. Bc8 Nxh3 26. Nh5 Kd8
27. Bxb7 Kc7 28. Ba6 f5 29. Nf6 Rb8 30. b3 fxg4 31. fxg4 h6 32. Bd3 Kd6 33. Bf5
Ke7 34. Nd7 Rd8 35. Ne5 Rd6 36. Ke3 Ng5 37. c4 dxc4 38. bxc4 f6 39. Ng6+ Kf7
40. Nf4 Rd8 41. d5 cxd5 42. cxd5 Rd6 43. a4 Ra6 44. Bd7 Ke7 45. Bb5 Rb6 46. Kd4
Kd6 47. Nh5 a6 48. Bc6 Rb4+ 49. Kc3 Rxg4 50. Nxf6 Ne4+ 51. Nxe4+ Rxe4 52. Kd3
Re7 53. Kc4 h5 54. Kb4 h4 55. Ka5 h3 56. Kxa6 h2 0-1